• 首页
  • 本馆介绍
  • 公告通知
  • 最新文献
  • 馆藏检索
  • 电子资源
  • 读者导购
  • 参考咨询
  • 我的图书馆
  • 登录
  • 详细信息显示
  • 放入我的书架
  • 预约/预借图书
  • 作者相关作品
  • 分类相关作品
  • 丛书相关作品
  • 出版社相关作品

书目信息

  • 表格格式
  • 工作单格式
  • 卡片格式
书名: Introduction to atomic and molecular collisions
作者: R.E. Johnson ; illustrated by T.J. Johnson.
分册号:
分册名:
出版地: New York :
 
出版社: Plenum Press
出版时间: c1982.
页数: xiii, 288 p. :
开本: 24 cm.
丛书名:
中图分类号:
科图分类号:
其他分类号: O56:H31
主题词:
电子资源:
000 00925nam 2200337 a 4500
001 E0731449191
005 20070301084540.95
020    @a0306407876.
090    @aO56:H31
099    @dO56:H31@ex19
100 1  @aJohnson, R. E.@q(Robert Edward),@d1939-
245 10 @aIntroduction to atomic and molecular collisions / @cR.E. Johnson ; illustrated by T.J. Johnson.
260    @aNew York :@bPlenum Press,@cc1982.
300    @axiii, 288 p. :@bill. ;@c24 cm.
504    @aIncludes bibliographical references and indexes.
920    @a231030@bO56@cJ68I@z1
920    @a211010@bO56@cJ636 @z1
920    @a211040@z1
920    @a244050@z1
920    @a212020@z1
920    @a251050@z1
920    @a211060@z1
920    @a242120@z1
920    @a231010@z1
920    @a215010@z1
920    @a261020@z2
920    @a236010@z2
920    @a222020@z2
920    @a242010@z1
920    @a212010@z1
998    @aPUL
    
    Introduction to atomic and molecular collisions / / R.E. Johnson ; illustrated by T.J. Johnson.-New York : : Plenum Press, , c1982.
    xiii, 288 p. : : ill. ; ; 24 cm.
    Includes bibliographical references and indexes.
    
    ISBN 0306407876.
    
●
相关链接 在E读中查询图书 在五车中查询图书 在当当中查询图书 在豆瓣中查询图书


正题名:Introduction to atomic and molecular collisions     索取号:O56:H31/x19         预约/预借

序号 登录号 条形码 馆藏地/架位号 状态 备注
1 136949   000638616   第四借阅区/ [索取号:O56:H31/x19] 在馆    
2 136950   000638625   第四借阅区/ [索取号:O56:H31/x19] 在馆    
3 136951   000638607   第四借阅区/ [索取号:O56:H31/x19] 在馆    
4 136952   000638590   第四借阅区/ [索取号:O56:H31/x19] 在馆    
5 136953   000638581   第二样本阅览室/ [索取号:O56:H31/x19] 在馆    
唐山师范学院图书馆 欢迎您!
大连网信软件有限公司© 版权所有